000 00768nam a22002651 4500
001 01037473
003 DO-SdBNP
005 20180205153248.0
007 01037473
008 900725s1967 sp spa
016 7 _a
_z
_2BPMSU
017 _a
_b
035 _a
040 _aBPMSU
_bspa
_c BPMSU
080 0 _a
100 1 _aIsard, Marcel d'
245 1 0 _aSissi en el palacio de las hadas /
_h
_cMarcel D Isard
260 _aBarcelona :
_bBruguera,
_c1967
300 _a255 p. :
_b il. ;
_c20 cm
490 0 _aColección "Historias Selección". Serie "Sissi"
_v20
830 _aColección "Historias Selección". Serie "Sissi"
_v20
942 _2ddc
_cBK
945 _aInventariado, 2018/ YL
956 _a VMATEO
_210
_320160506
_6BPM SU
_80069
999 _c10014
_d10014